Music Quiz

Random Music or Album Quiz

Me. I Am Mariah... The Elusive Chanteuse Quiz Stats

 Plays Quiz not verified by Sporcle

Also try: Mariah Carey Songs
Challenge
Share
Tweet
Embed
Score 0/14 Timer 10:00
0 Plays Today
# track list % Correct
4#Beautiful
97.5%
2Faded
93.8%
1Cry.
92.6%
3Dedicated
88.9%
13One More Try
88.9%
8You Don't Know What to Do
87.7%
9Supernatural
87.7%
# track list % Correct
14Heavenly (No Ways Tired / Can't Give Up Now)
87.7%
5Thirsty
85.2%
7You're Mine (Eternal)
84%
10Meteorite
84%
11Camouflage
84%
12Money ($ * / ...)
84%
6Make It Look Good
80.2%

You're not logged in!

Compare scores with friends on all Sporcle quizzes.
Join for Free
OR
Log In

You Might Also Like...

Show Comments

Extras

Top Quizzes Today


Score Distribution

Your Account Isn't Verified!

In order to create a playlist on Sporcle, you need to verify the email address you used during registration. Go to your Sporcle Settings to finish the process.

Report this User

Report this user for behavior that violates our Community Guidelines.

Details: